Examining the CFPB's Proposed Rulemaking on Arbitration : Is It In the Public Interest and for the Protection of Consumers?

Bibliographic Details
Format: Government Document eBook
Language:English
Published: Bethesda, Md. : ProQuest, 2016.
Subjects:
Online Access:Electronic resource (PDF)

MARC

Tag First Indicator Second Indicator Subfields
LEADER 00000cam a22000001i 4500
001 in00004154039
005 20200117101210.0
006 m d f
007 cr bn mmmapmmp
008 180423s2016 mdu o f000 0 eng d
024 8 |a chdc20180232 
035 |a chdc20180232 
040 |a UMI  |b eng  |e rda  |c UMI  |d UtOrBLW 
043 |a n-us--- 
086 0 |a Y 4.F 49/20:114-89 
110 1 |a United States.  |b Congress.  |b House.  |b Committee on Financial Services.  |b Subcommittee on Financial Institutions and Consumer Credit,  |e issuing body.  |0 http://id.loc.gov/authorities/names/no2001082711 
245 1 0 |a Examining the CFPB's Proposed Rulemaking on Arbitration :  |b Is It In the Public Interest and for the Protection of Consumers? 
264 1 |a Bethesda, Md. :  |b ProQuest,  |c 2016. 
300 |a 306 pages, digital, PDF file 
336 |a text  |2 rdacontent  |b txt 
337 |a computer  |b c  |2 rdamedia 
338 |a online resource  |2 rdacarrier  |b cr 
500 |a Record is based on bibliographic data in ProQuest U.S. Congressional Hearings Digital Collection. Reuse except for individual research requires license from ProQuest, LLC. 
533 |a Electronic reproduction.  |b [Bethesda, Md.] :  |c ProQuest,  |d 2018.  |e digital, PDF file.  |n ProQuest Congressional Hearings Digital Collection.  |n Mode of access: World Wide Web via ProQuest website. 
538 |a System requirements: PDF reader software. 
610 1 0 |a United States.  |b Consumer Financial Protection Bureau.  |0 http://id.loc.gov/authorities/names/nb2015015976 
650 0 |a Arbitration agreements, Commercial  |z United States.  |0 http://id.loc.gov/authorities/subjects/sh2009115288 
650 0 |a Class actions (Civil procedure)  |z United States.  |0 http://id.loc.gov/authorities/subjects/sh2008101114 
776 0 8 |i Microfiche version:   |a United States. Congress. House. Committee on Financial Services. Subcommittee on Financial Institutions and Consumer Credit.  |t Examining the CFPB's Proposed Rulemaking on Arbitration  |o CIS 2018 H371-18  |w cis20180823 
856 4 0 |u http://proxy.library.tamu.edu/login?url=http://search.proquest.com/congcomp/getdoc?HEARING-ID=HRG-2016-HFS-0034  |y Electronic resource (PDF)  |z CIS 2018-H371-18  |t 0 
998 |a cis20180823 
999 f f |s 2fce1cbd-c77a-346c-af8f-721e23de01ae  |i 5143b2c3-e9ef-3114-a4bd-ff1643840c62  |t 0 
952 f f |a Texas A&M University  |b College Station  |c Electronic Resources  |d Available Online  |t 0  |e Y 4.F 49/20:114-89  |h Superintendent of Documents classification 
998 f f |a Y 4.F 49/20:114-89  |t 0  |l Available Online